000 00922nac a22002651i 4500
003 EG-ScBUE
005 20250317103924.0
008 250306s2004 ii a f 001 0 eng d
040 _aEG-ScBUE
_beng
_erda
_cEG-ScBUE
_dEG-ScBUE
082 0 4 _a530
_bDOG
_222
100 1 _aDogra, Rakesh,
_eauthor.
245 1 0 _aEssentials of physics for engineers and technologists /
_cby Dr. Rakesh Dorga, assistant professor, Beant College of Engg. & Tech., Gurdaspur (Pb.).
250 _aSixth edition.
264 1 _aNai Sarak, Delhi :
_bS.K. Kataria & Sons,
_c2004.
300 _axiii, 428 pages :
_billustrations ;
_c24 cm.
336 _2rdacontent
_atext
_btxt
337 _aunmediated
_2rdamedia
_bn
338 _avolume
_bnc
_2rdacarrier
490 0 _aAs per new PTU syllabus
500 _aIncludes index.
521 _aFor engineers and technologists.
650 7 _aPhysics.
_2BUEsh
655 _vReading book
942 _cBB
_2ddc
999 _c1405
_d1405